[Event "North Wales Congress Major"]
[Site "Llandudno"]
[Date "2019.06.23"]
[Round "5.36"]
[White "Rajagopal, Juan"]
[Black "Connor, Michael I"]
[Result "0-1"]
[WhiteElo "1600"]
[BlackElo "1639"]
[Annotator "kemen"]
[PlyCount "70"]
[EventDate "2019.??.??"]

{[%evp 0,70,29,20,36,-30,50,51,51,78,67,67,48,47,47,51,51,50,51,57,37,57,47,30,
47,35,21,15,23,-40,77,73,144,139,147,153,151,89,102,96,119,65,107,57,79,83,87,
90,136,132,125,119,119,109,115,62,159,159,171,146,308,337,369,218,305,235,349,
217,262,120,237,-29989,-29990]} 1. d4 Nf6 2. c4 g6 3. Nc3 d5 4. cxd5 Nxd5 5. e4
Nxc3 6. bxc3 Bg7 7. Nf3 {this used to be considered as mistake, but is now
more frequent than} (7. Bc4 c5 8. Ne2) 7... c5 8. Be3 (8. Rb1 {alternative})
8... Nc6 9. Rc1 Bg4 (9... cxd4 10. cxd4 Qa5+ {main}) 10. d5 Ne5 11. Bb5+ (11.
Bxc5 {has been played; the Cloud Engines rate it as level after} O-O {2 Wh
wins, 1 draw, 1 Bl win}) 11... Kf8 (11... Bd7) (11... Nd7 {also played}) 12.
O-O (12. Be2 $16 {Cloud Engines, 1 game each colour}) 12... Bxf3 (12... c4 $15
{Komodo13}) 13. gxf3 c4 14. Bd4 (14. f4 Nd3 15. Rb1 Qc8 $11) 14... a6 (14...
Qc8 $19) 15. Bxc4 $14 Qc7 (15... Nxc4 16. Bxg7+ Kxg7 17. Qd4+ f6 18. Qxc4 Qd6
$14 {Komodo13}) 16. Be2 f6 17. Qb3 (17. f4 Nc4 18. Bxc4 Qxc4 19. Re1 $18 (19.
Qg4 $18 {Komodo13})) 17... b5 (17... Bh6) 18. Rfd1 (18. c4 $18 {Komodo13})
18... Bh6 19. Be3 Bxe3 20. fxe3 Kg7 21. Kh1 Rhb8 22. Qb4 a5 23. Qd4 Qd6 24. f4
$14 Nd7 25. c4 bxc4 26. Rxc4 Rb4 27. Qc3 (27. Rdc1 $16) 27... Nb6 (27... Rxc4
28. Qxc4 Rb8 $11 {Komodo13}) 28. Rc6 Qd8 $18 29. e5 (29. d6 {breaks open the K
position}) 29... f5 30. e6+ (30. d6 $18) 30... Kh6 31. Bf3 (31. d6 $18) (31. e4
$18) 31... Na4 32. Qe1 Nb2 33. Qh4+ (33. d6 $18) 33... Kg7 34. Rg1 (34. d6 $1
Nxd1 (34... exd6 35. e7 Qe8 36. Rdxd6 $18) 35. Rc7 $18) 34... Nd3 35. Bh5 $2 (
35. d6 $1 $18) 35... Qxd5+ {mating soon} 0-1

[Event "North Wales Congress Major"]
[Site "Llandudno"]
[Date "2019.06.23"]
[Round "5.37"]
[White "Lee, Michael A"]
[Black "Fisher, Peter S"]
[Result "1/2-1/2"]
[WhiteElo "1472"]
[BlackElo "1788"]
[Annotator "kemen"]
[PlyCount "72"]
[EventDate "2019.??.??"]

{[%evp 0,72,33,29,69,69,99,48,47,30,40,34,54,38,35,25,45,-6,34,-40,-13,-62,-50,
-40,-24,-40,-46,-83,-83,-57,-52,-92,-81,-111,-105,-116,-109,-115,-43,-51,-36,
-27,-59,-50,-41,-61,-60,-75,-67,-55,-58,-69,-53,-76,-57,-103,-93,-93,-69,-67,
-2,-53,0,0,51,-28,35,32,33,14,43,45,54,51,52]} 1. e4 c5 2. Nc3 d6 3. f4 Nf6 4.
Nf3 e6 (4... Nc6) (4... g6) 5. d3 (5. Bb5+) (5. Bc4) 5... a6 (5... Be7) (5...
Nc6) 6. Be2 (6. g3) 6... Be7 7. O-O O-O 8. Qe1 (8. a4) 8... b5 (8... Nc6 {
transposing to 24 games}) 9. Bd1 Bb7 (9... Nbd7 10. Ne2 Nb6 11. Ng3 Re8 12. c3
Bb7 13. Bc2 Rc8 14. f5 Bf8 15. fxe6 Rxe6 16. Qd1 h6 {Selvaratnam-Bayarmaa, Wld
ch U12 girls, Kemer 2007,0-1}) 10. Ne2 Nbd7 11. Ng3 Qc7 12. f5 e5 13. Bg5 (13.
c4 $11) 13... h6 $17 14. Bxf6 Nxf6 15. h3 Rfe8 (15... c4) 16. Nh2 d5 17. Bf3
Rad8 (17... c4 $17) 18. Ng4 dxe4 (18... Nxg4 19. Bxg4 Bh4 $19 {Komodo13}) 19.
Nxf6+ Bxf6 20. Nxe4 Bxe4 21. Bxe4 Rd4 22. Rd1 (22. b3 $11) 22... Red8 (22... c4
) 23. Rf3 Qb6 24. Kh2 a5 (24... c4 $15) 25. a3 Qc7 26. h4 b4 27. c3 bxc3 28.
bxc3 R4d6 (28... Ra4 29. Ra1 c4 $15 {Komodo13}) 29. c4 Rd4 30. Kh3 R4d6 31. Rb1
$16 Rb6 32. Rf2 (32. Qxa5 $16) 32... Qa7 (32... Qb8 $11) 33. Rfb2 Rdb8 34. Qc3
(34. Rb5 $16) 34... Rxb2 35. Rxb2 Rxb2 36. Qxb2 Qc7 (36... Qc7 37. Qb5 Kf8 38.
g3 $16 {but difficult to see how Wh could breakthrough}) 1/2-1/2

[Event "North Wales Congress Major"]
[Site "Llandudno"]
[Date "2019.06.23"]
[Round "5.38"]
[White "Davies, Huw"]
[Black "Bridgeman, Matthew"]
[Result "1/2-1/2"]
[WhiteElo "1642"]
[BlackElo "1575"]
[Annotator "kemen"]
[PlyCount "62"]
[EventDate "2019.??.??"]

{[%evp 0,62,26,16,38,32,24,35,11,-38,-19,-10,16,18,18,24,24,-41,-15,-18,-32,
-30,-37,-50,-42,-51,-25,-31,-27,-44,-44,-38,-24,-50,-43,-47,-37,-43,-26,-48,
-50,-48,-52,-73,-12,-80,0,-5,-1,-1,-18,-80,-67,-69,-79,-128,-101,-111,-97,-98,
-85,-92,-101,-98,-98]} 1. e4 e6 2. d4 d5 3. Nd2 c5 4. c3 (4. exd5) (4. Ngf3 {
main lines}) 4... cxd4 (4... Nc6) 5. cxd4 dxe4 6. Nxe4 Bb4+ 7. Nc3 Nf6 {Bl
already has an easy game} 8. Bb5+ Bd7 9. Bxd7+ Nbxd7 {1 draw, 3 Bl wins} (9...
Qxd7 {2 draws, 4 Bl wins}) 10. Nge2 (10. Nf3) 10... O-O 11. Bg5 (11. O-O Nb6
12. Qb3 Bxc3 13. bxc3 Qd5 14. Ba3 Rfc8 15. Rfd1 Ne4 16. Rac1 Nc4 17. Bb2 Qf5 {
Balaji-Gagare, Panchavati op 2016,0-1}) 11... h6 12. Bh4 Nb6 (12... Qb6) 13.
O-O Be7 14. Qb3 Nfd5 (14... Qd7) 15. Bg3 Qd7 16. Rfd1 Rfd8 17. Rac1 a6 18. Ne4
Rac8 19. Rxc8 Rxc8 20. N2c3 Nxc3 (20... Rc4 21. Nxd5 Qxd5 $17 {Komodo13}) 21.
bxc3 Qa4 (21... Qc6 22. f3 Nd5 23. Rc1 f5 $17 {Komodo13}) 22. Rd3 Qxb3 (22...
Qc4) (22... Qc6) 23. axb3 Nd5 (23... a5 24. c4 a4 $15 {Komodo13}) 24. c4 f5 (
24... b5 25. c5 Kf8 26. Kf1 a5 $15 {Komodo13}) 25. Nd6 Rc6 26. Nxb7 f4 $19 27.
Na5 {Stockfish10 & Komodo13} Rc7 (27... Rc8 28. Rd1 Nc3 29. Re1 fxg3 $19) 28.
Rd1 fxg3 (28... Nc3 29. Bxf4 Ne2+ 30. Kf1 Nxf4 31. g3 Bb4 32. gxf4 Bxa5 33. c5
Kf7 $19 {Komodo13}) 29. cxd5 gxh2+ 30. Kxh2 exd5 31. Ra1 Kf7 $17 1/2-1/2